banner koha

Influencia da ingestao de alcool em ratos. Acao no desenvolvimento, reproducao, mortalidade, e seus efeitos sobre a pele e o comportamento dos animais (Registro n. 147866)

MARC details
000 -LÍDER
campo de controle de tamanho fixo 00955nas a2200313 4500
001 - NÚMERO DE CONTROLE
campo de controle BR9607313
003 - IDENTIFICADOR DO NÚMERO DE CONTROLE
campo de controle BR-BrBNA
005 - DATA E HORÁRIO DA ÚLTIMA TRANSAÇÃO
campo de controle 20231205094937.0
007 - CAMPO FIXO DE DESCRIÇÃO FÍSICA--INFORMAÇÃO GERAL
campo de controle de tamanho fixo ta
008 - CAMPO DE DADOS FIXOS--INFORMAÇÃO GERAL
campo de controle de tamanho fixo 230509b bl.|||p| |||| 00| 00por d
040 ## - FONTE DA CATALOGAÇÃO
Instituição da catalogação original BR-BrBNA
Idioma da catalogação por
Instituição que transcreveu o registro Biblioteca Nacional de Agricultura
041 ## - CÓDIGO DE IDIOMA
Código do idioma do texto/trilha sonora ou título diferente (Pt)
072 ## - CÓDIGO DE CATEGORIA DE ASSUNTO
Código de Categoria de Assunto J11
100 1# - ENTRADA PRINCIPAL--NOME PESSOAL
Nome pessoal Soerensen, B.
100 1# - ENTRADA PRINCIPAL--NOME PESSOAL
Nome pessoal Bruno, M.C.
100 1# - ENTRADA PRINCIPAL--NOME PESSOAL
Nome pessoal Repetti, E.
100 1# - ENTRADA PRINCIPAL--NOME PESSOAL
Nome pessoal Pacchini, C.E.
100 1# - ENTRADA PRINCIPAL--NOME PESSOAL
Nome pessoal Capossoli, E.A.
100 1# - ENTRADA PRINCIPAL--NOME PESSOAL
Nome pessoal Santos, R.V. dos
100 1# - ENTRADA PRINCIPAL--NOME PESSOAL
Nome pessoal Marques, T.A.
100 1# - ENTRADA PRINCIPAL--NOME PESSOAL
Nome pessoal Barros, A.R.
245 1# - TÍTULO
Título Influencia da ingestao de alcool em ratos. Acao no desenvolvimento, reproducao, mortalidade, e seus efeitos sobre a pele e o comportamento dos animais
650 ## - ASSUNTO--TERMO TÓPICO
Cabeçalho tópico ou nome geográfico Rato
650 ## - ASSUNTO--TERMO TÓPICO
Cabeçalho tópico ou nome geográfico Biologia
650 ## - ASSUNTO--TERMO TÓPICO
Cabeçalho tópico ou nome geográfico Praga de Produto Armazenado
773 0# - ENTRADA ANALÍTICA
Título UNIMAR Ciencias (Brazil)
ISSN - International Standard Serial Number
Partes relacionadas (1995), v. 4(1) p. 13-26
Número de controle do registro BR9607313
909 ## -
-- 202311
-- Lúcia
-- 55
-- Lúcia Elande
942 ## - ELEMENTOS DE ENTRADA ADICIONADOS (KOHA)
Fonte da classificação ou esquema de arquivamento na estante Classificação AGRIS
Ocultar no OPAC Não
Tipo de material Koha Analítica
Exemplares
Situação do descarte Fonte da classificação ou esquema de arquivamento na estante Situação física Não pode ser emprestado Biblioteca de origem Biblioteca atual Localização na estante Enumeração do periódico / cronologia Total de empréstimos Data de último acesso Número do exemplar Tipo de material Koha Fonte de aquisição
  Classificação AGRIS   Consulta local Biblioteca Nacional de Agricultura - Binagri Biblioteca Nacional de Agricultura - Binagri   (1995), v. 4(1) p. 13-26   29/11/2023 01 Periódicos Portaria Interministerial nº 164/94

BINAGRI

Telefone: (61)3218-2567/2388/3357/2097 - binagri@agro.gov.br

Ministério da Agricultura e Pecuária , Esplanada dos Ministérios, Bloco D, Anexo B, Brasília/DF, CEP: 70.043-900